<?xml version="1.0" encoding="UTF-8"?>
<record
    xmlns:xsi="http://www.w3.org/2001/XMLSchema-instance"
    xsi:schemaLocation="http://www.loc.gov/MARC21/slim http://www.loc.gov/standards/marcxml/schema/MARC21slim.xsd"
    xmlns="http://www.loc.gov/MARC21/slim">

  <leader>00629cam a22001931a 4500</leader>
  <controlfield tag="001">AUC_OC_40177</controlfield>
  <controlfield tag="003">OSt</controlfield>
  <controlfield tag="005">20150408114009.0</controlfield>
  <controlfield tag="008">030317s1991    jo     g      00000 ara c</controlfield>
  <datafield tag="040" ind1=" " ind2=" ">
    <subfield code="a">mu</subfield>
    <subfield code="b">ara</subfield>
    <subfield code="c">mb</subfield>
  </datafield>
  <datafield tag="082" ind1="0" ind2="4">
    <subfield code="a">657.45</subfield>
    <subfield code="2">21</subfield>
    <subfield code="b">&#x627; &#x628; &#x62A;</subfield>
  </datafield>
  <datafield tag="100" ind1="1" ind2=" ">
    <subfield code="a">&#x627;&#x628;&#x631;&#x627;&#x647;&#x64A;&#x645; &#x60C; &#x62D;&#x633;&#x627;&#x645;</subfield>
    <subfield code="9">9869</subfield>
  </datafield>
  <datafield tag="245" ind1="1" ind2="0">
    <subfield code="a">&#x62A;&#x62F;&#x642;&#x64A;&#x642;  &#x627;&#x644;&#x62D;&#x633;&#x627;&#x628;&#x627;&#x62A; &#x628;&#x64A;&#x646; &#x627;&#x644;&#x646;&#x638;&#x631;&#x64A;&#x629; &#x648;&#x627;&#x644;&#x62A;&#x637;&#x628;&#x64A;&#x642;/</subfield>
    <subfield code="c">&#x62D;&#x633;&#x627;&#x645; &#x627;&#x628;&#x631;&#x627;&#x647;&#x64A;&#x645;</subfield>
  </datafield>
  <datafield tag="250" ind1=" " ind2=" ">
    <subfield code="a">&#x637;. 1.</subfield>
  </datafield>
  <datafield tag="260" ind1=" " ind2=" ">
    <subfield code="a">&#x639;&#x645;&#x627;&#x646;&#x60C; &#x627;&#x644;&#x623;&#x631;&#x62F;&#x646; :</subfield>
    <subfield code="b">&#x62F;&#x627;&#x631; &#x627;&#x644;&#x628;&#x62F;&#x627;&#x64A;&#x629; &#x644;&#x644;&#x646;&#x634;&#x631;</subfield>
    <subfield code="c">2011</subfield>
  </datafield>
  <datafield tag="300" ind1=" " ind2=" ">
    <subfield code="a">2 &#x62C; &#x61B;</subfield>
    <subfield code="c">24 &#x633;&#x645;.</subfield>
  </datafield>
  <datafield tag="650" ind1=" " ind2="7">
    <subfield code="a">&#x627;&#x644;&#x645;&#x62D;&#x627;&#x633;&#x628;&#x629; &#x627;&#x644;&#x645;&#x627;&#x644;&#x64A;&#x629;</subfield>
    <subfield code="2">aucsh</subfield>
    <subfield code="9">9671</subfield>
  </datafield>
  <datafield tag="942" ind1=" " ind2=" ">
    <subfield code="2">ddc</subfield>
    <subfield code="c">BOOK</subfield>
  </datafield>
  <datafield tag="999" ind1=" " ind2=" ">
    <subfield code="c">21012</subfield>
    <subfield code="d">255512</subfield>
  </datafield>
  <datafield tag="952" ind1=" " ind2=" ">
    <subfield code="1">0</subfield>
    <subfield code="2">2013-03-10</subfield>
    <subfield code="4">0</subfield>
    <subfield code="7">0</subfield>
    <subfield code="a">657.45 &#x62C;1 &#x627; &#x62D; &#x62A;</subfield>
    <subfield code="d">2012-03-13</subfield>
    <subfield code="h">SRM</subfield>
    <subfield code="i">00075888</subfield>
    <subfield code="m">SRM</subfield>
    <subfield code="r">2013-03-10 00:00:00</subfield>
    <subfield code="t">BOOK</subfield>
    <subfield code="w">ddc</subfield>
    <subfield code="y">0</subfield>
  </datafield>
  <datafield tag="952" ind1=" " ind2=" ">
    <subfield code="1">0</subfield>
    <subfield code="2">2013-03-10</subfield>
    <subfield code="4">0</subfield>
    <subfield code="7">0</subfield>
    <subfield code="a">657.45 &#x62C;1 &#x627; &#x62D; &#x62A;</subfield>
    <subfield code="d">2012-03-13</subfield>
    <subfield code="h">SRM</subfield>
    <subfield code="i">00075887</subfield>
    <subfield code="m">SRM</subfield>
    <subfield code="r">2013-03-10 00:00:00</subfield>
    <subfield code="t">BOOK</subfield>
    <subfield code="w">ddc</subfield>
    <subfield code="y">0</subfield>
  </datafield>
  <datafield tag="952" ind1=" " ind2=" ">
    <subfield code="1">0</subfield>
    <subfield code="2">2013-03-10</subfield>
    <subfield code="4">0</subfield>
    <subfield code="7">0</subfield>
    <subfield code="a">657.45 &#x62C;2 &#x627; &#x62D; &#x62A;</subfield>
    <subfield code="d">2012-03-13</subfield>
    <subfield code="h">SRM</subfield>
    <subfield code="i">00075886</subfield>
    <subfield code="m">SRM</subfield>
    <subfield code="r">2013-03-10 00:00:00</subfield>
    <subfield code="t">BOOK</subfield>
    <subfield code="w">ddc</subfield>
    <subfield code="y">0</subfield>
  </datafield>
  <datafield tag="952" ind1=" " ind2=" ">
    <subfield code="1">0</subfield>
    <subfield code="2">2013-03-10</subfield>
    <subfield code="4">0</subfield>
    <subfield code="7">0</subfield>
    <subfield code="a">657.45 &#x62C;2 &#x627; &#x62D; &#x62A;</subfield>
    <subfield code="d">2012-03-13</subfield>
    <subfield code="h">SRM</subfield>
    <subfield code="i">00075889</subfield>
    <subfield code="m">SRM</subfield>
    <subfield code="r">2013-03-10 00:00:00</subfield>
    <subfield code="t">BOOK</subfield>
    <subfield code="w">ddc</subfield>
    <subfield code="y">0</subfield>
  </datafield>
  <datafield tag="952" ind1=" " ind2=" ">
    <subfield code="1">0</subfield>
    <subfield code="2">2017-03-19</subfield>
    <subfield code="4">0</subfield>
    <subfield code="7">0</subfield>
    <subfield code="a">657.45 &#x627; &#x628; &#x62A;</subfield>
    <subfield code="c">&#x62C;1</subfield>
    <subfield code="d">2017-03-19</subfield>
    <subfield code="h">CL</subfield>
    <subfield code="i">00706629</subfield>
    <subfield code="m">CL</subfield>
    <subfield code="r">2017-03-19 00:00:00</subfield>
    <subfield code="t">BOOK</subfield>
    <subfield code="w">ddc</subfield>
    <subfield code="y">0</subfield>
  </datafield>
  <datafield tag="952" ind1=" " ind2=" ">
    <subfield code="1">0</subfield>
    <subfield code="2">2017-03-19</subfield>
    <subfield code="4">0</subfield>
    <subfield code="7">0</subfield>
    <subfield code="a">657.45 &#x627; &#x628; &#x62A;</subfield>
    <subfield code="c">&#x62C;1</subfield>
    <subfield code="d">2017-03-19</subfield>
    <subfield code="h">CL</subfield>
    <subfield code="i">00706630</subfield>
    <subfield code="m">CL</subfield>
    <subfield code="r">2017-03-19 00:00:00</subfield>
    <subfield code="t">BOOK</subfield>
    <subfield code="w">ddc</subfield>
    <subfield code="y">0</subfield>
  </datafield>
  <datafield tag="952" ind1=" " ind2=" ">
    <subfield code="1">0</subfield>
    <subfield code="2">2017-03-19</subfield>
    <subfield code="4">0</subfield>
    <subfield code="7">0</subfield>
    <subfield code="a">657.45 &#x627; &#x628; &#x62A;</subfield>
    <subfield code="c">&#x62C;1</subfield>
    <subfield code="d">2017-03-19</subfield>
    <subfield code="h">CL</subfield>
    <subfield code="i">00706631</subfield>
    <subfield code="m">CL</subfield>
    <subfield code="r">2017-03-19 00:00:00</subfield>
    <subfield code="t">BOOK</subfield>
    <subfield code="w">ddc</subfield>
    <subfield code="y">0</subfield>
  </datafield>
  <datafield tag="952" ind1=" " ind2=" ">
    <subfield code="1">0</subfield>
    <subfield code="2">2017-03-19</subfield>
    <subfield code="4">0</subfield>
    <subfield code="7">0</subfield>
    <subfield code="a">657.45 &#x627; &#x628; &#x62A;</subfield>
    <subfield code="c">&#x62C;2</subfield>
    <subfield code="d">2017-03-19</subfield>
    <subfield code="h">CL</subfield>
    <subfield code="i">00706632</subfield>
    <subfield code="m">CL</subfield>
    <subfield code="r">2017-03-19 00:00:00</subfield>
    <subfield code="t">BOOK</subfield>
    <subfield code="w">ddc</subfield>
    <subfield code="y">0</subfield>
  </datafield>
  <datafield tag="952" ind1=" " ind2=" ">
    <subfield code="1">0</subfield>
    <subfield code="2">2017-03-19</subfield>
    <subfield code="4">0</subfield>
    <subfield code="7">0</subfield>
    <subfield code="a">657.45 &#x627; &#x628; &#x62A;</subfield>
    <subfield code="c">&#x62C;2</subfield>
    <subfield code="d">2017-03-19</subfield>
    <subfield code="h">CL</subfield>
    <subfield code="i">00706633</subfield>
    <subfield code="m">CL</subfield>
    <subfield code="r">2017-03-19 00:00:00</subfield>
    <subfield code="t">BOOK</subfield>
    <subfield code="w">ddc</subfield>
    <subfield code="y">0</subfield>
  </datafield>
  <datafield tag="952" ind1=" " ind2=" ">
    <subfield code="1">0</subfield>
    <subfield code="2">2017-03-19</subfield>
    <subfield code="4">0</subfield>
    <subfield code="7">0</subfield>
    <subfield code="a">657.45 &#x627; &#x628; &#x62A;</subfield>
    <subfield code="c">&#x62C;2</subfield>
    <subfield code="d">2017-03-19</subfield>
    <subfield code="h">CL</subfield>
    <subfield code="i">00706634</subfield>
    <subfield code="m">CL</subfield>
    <subfield code="r">2017-03-19 00:00:00</subfield>
    <subfield code="t">BOOK</subfield>
    <subfield code="w">ddc</subfield>
    <subfield code="y">0</subfield>
  </datafield>
</record>
